Premier League top scorers (26.01.2017) Quiz Stats

 Plays Quiz not verified by Sporcle

Challenge
Share
Tweet
Embed
Score 0/20 Timer 10:00
0 Plays Today
Hint Answer % Correct
13Kane
97.2%
15Costa
95.8%
15Sanchez
95.8%
14Ibrahimovic
91.7%
11Aguero
88.9%
12Lukaku
87.5%
9Hazard
79.2%
7Giroud
79.2%
11Alli
77.8%
9Mane
77.8%
Hint Answer % Correct
12Defoe
76.4%
8Firmino
70.8%
8Benteke
63.9%
8Llorente
58.3%
7Lallana
58.3%
7Rondon
56.9%
8Walcott
55.6%
8Antonio
50%
7Son
50%
7Snodgrass
36.1%

You're not logged in!

Compare scores with friends on all Sporcle quizzes.
Join for Free
OR
Log In

You Might Also Like...

Show Comments

Extras

Top Quizzes Today


Score Distribution

Your Account Isn't Verified!

In order to create a playlist on Sporcle, you need to verify the email address you used during registration. Go to your Sporcle Settings to finish the process.

Report this User

Report this user for behavior that violates our Community Guidelines.

Details: